书目信息 |
| 题名: |
“三讲”教育干部读本
|
|
| 作者: | 本书编写组编 | |
| 分册: | ||
| 出版信息: | 北京 中共党史出版社 1998 |
|
| 页数: | 364页 | |
| 开本: | 20cm | |
| 丛书名: | ||
| 单 册: | ||
| 中图分类: | D64-53 , D2-0 | |
| 科图分类: | ||
| 主题词: | 政治工作--中国--干部教育--学习参考资料 , 政治工作 | |
| 电子资源: | ||
| ISBN: | 7-80136-309-4 | |
| 000 | 00713nam0 2200229 450 | |
| 001 | 1538508990 | |
| 005 | 20150203104233.81 | |
| 010 | @a7-80136-309-4@dCNY16.00 | |
| 100 | @a19990212d1998 em y0chiy0110 ea | |
| 101 | 0 | @achi |
| 102 | @aCN@b110000 | |
| 105 | @ay z 000yy | |
| 200 | 1 | @a“三讲”教育干部读本@9“ san jiang ” jiao yu gan bu du ben@e讲学习 讲政治 讲正气@f本书编写组编 |
| 210 | @a北京@c中共党史出版社@d1998 | |
| 215 | @a364页@d20cm | |
| 517 | 1 | @a讲学习 讲政治 讲正气@9jiang xue xi jiang zheng zhi jiang zheng qi |
| 606 | 0 | @a政治工作@y中国@x干部教育@x学习参考资料 |
| 606 | 0 | @a政治工作 |
| 690 | @aD64-53@v5 | |
| 690 | @aD2-0@v5 | |
| 801 | 0 | @aCN@bTSSF@c20150203 |
| 905 | @aZUCC@dD64-53@eJY1 | |
| “三讲”教育干部读本:讲学习 讲政治 讲正气/本书编写组编.-北京:中共党史出版社,1998 |
| 364页;20cm |
| ISBN 7-80136-309-4:CNY16.00 |
| ● |
| 相关链接 |
|
|
|
|
正题名:"三讲"教育干部读本
索取号:D64-53/JY1
 
预约/预借
| 序号 | 登录号 | 条形码 | 馆藏地/架位号 | 状态 | 备注 |
| 1 | 7865476 | 278654760 | 学院路分馆/ [索取号:D64-53/JY1] | 在馆 |